| 000 | 00622 a2200193 4500 | ||
|---|---|---|---|
| 003 | NUST | ||
| 005 | 20230127123007.0 | ||
| 010 | _a 79398975 | ||
| 020 | _a004900008X | ||
| 040 | _cNust | ||
| 082 | 0 | 0 | _a904.7,EGG |
| 100 | 1 |
_aEggenberger, David. _948710 |
|
| 245 | 1 | 2 |
_aA dictionary of battles / _cDavid Eggenberger |
| 260 |
_aLondon, _bAllen & Unwin, _c1967. |
||
| 300 |
_axi, 526 p.; _bmaps (some col.), plans (some col.) _c26 cm. |
||
| 505 | _aA Dictionary of Battles (Page-1), Suggestions for Further Reading (Page-491), Index (Page-495). | ||
| 650 | 0 |
_aBattles _xDictionaries. _948830 |
|
| 942 |
_2ddc _cBK _k904.7,EGG |
||
| 999 |
_c185404 _d185404 |
||